00670cam a22002291 450000100060000000300080000600500170001400800410003103500200007203500190009204000320011104100080014308200180015110000380016924500480020726000340025530000270028949000280031650400330034460000350037783000280041231920BD-RjUL20211209051751.0140423s1933 enk 000 0 eng d a(BD-RjUL) 32009 a(OCoLC)5016489 aDLCcOCldDLCdBD-RjULbeng aeng00a192bHAJ 19331 aHamilton, Mary Agnes,d1884-1966.10aJohn Stuart Mill /cby Mary Agnes Hamilton. aLondon :bH. Hamilton,c1933. a94 , [1 ] p. ;c19 cm.0 aMakers of the new world aBibliography: 1 leaf at end.10aMill, John Stuart,d1806-1873. aMakers of the new world